|
|
|
|
| LEADER |
02444cam a2200637 i 4500 |
| 001 |
nkc20183008652 |
| 003 |
CZ PrNK |
| 005 |
20201002083027.0 |
| 007 |
ta |
| 008 |
180905s2018 xr ach e 000 0dcze d |
| 015 |
|
|
|a cnb003008652
|
| 020 |
|
|
|a 978-80-907059-1-3
|q (vázáno)
|z 978-80-90705-91-3
|
| 035 |
|
|
|a (OCoLC)1204253785
|
| 040 |
|
|
|a CBA001
|b cze
|d BOA001
|e rda
|
| 043 |
|
|
|a e-xr---
|b e-xr-jc
|2 czenas
|
| 045 |
|
|
|a x2y1
|
| 072 |
|
7 |
|a 796
|x Sport. Hry. Tělesná cvičení
|2 Konspekt
|9 20
|
| 080 |
|
|
|a 796.966:061
|2 MRF
|
| 080 |
|
|
|a 796.966
|2 MRF
|
| 080 |
|
|
|a 796.966.071.2
|2 MRF
|
| 080 |
|
|
|a (437.319)
|2 MRF
|
| 080 |
|
|
|a (048.8)
|2 MRF
|
| 080 |
|
|
|a (084.12)
|2 MRF
|
| 100 |
1 |
|
|a Lhota, Ladislav,
|d 1961-
|7 xx0130281
|4 aut
|
| 245 |
1 |
0 |
|a Českobudějovické zlato, stříbro, bronz /
|c Ladislav Lhota
|
| 250 |
|
|
|a Vydání první
|
| 264 |
|
1 |
|a České Budějovice :
|b eSports.cz, s.r.o.,
|c 2018
|
| 300 |
|
|
|a 153 stran :
|b ilustrace (některé barevné), portréty, faksimile ;
|c 26 cm
|
| 336 |
|
|
|a text
|b txt
|2 rdacontent
|
| 336 |
|
|
|a statický obraz
|b sti
|2 rdacontent
|
| 337 |
|
|
|a bez média
|b n
|2 rdamedia
|
| 338 |
|
|
|a svazek
|b nc
|2 rdacarrier
|
| 500 |
|
|
|a Chronologický přehled
|
| 504 |
|
|
|a Obsahuje bibliografii
|
| 610 |
2 |
7 |
|a HC Mountfield České Budějovice (hokejový klub)
|7 mzk2011620264
|2 czenas
|
| 610 |
2 |
7 |
|a ČEZ Motor České Budějovice (hokejový klub)
|7 ko2017953842
|2 czenas
|
| 648 |
|
4 |
|a 1927-2018
|
| 648 |
|
7 |
|a 20.-21. století
|7 ch462155
|2 czenas
|
| 650 |
0 |
7 |
|a hokejové kluby
|7 ph136922
|z Česko
|y 20.-21. století
|2 czenas
|
| 650 |
0 |
7 |
|a lední hokej
|7 ph115102
|z Česko
|y 20.-21. století
|2 czenas
|
| 650 |
0 |
7 |
|a hokejisté
|7 ph114685
|z Česko
|y 20.-21. století
|2 czenas
|
| 650 |
0 |
9 |
|a hockey clubs
|z Czechia
|y 20th-21st centuries
|2 eczenas
|
| 650 |
0 |
9 |
|a ice hockey
|z Czechia
|y 20th-21st centuries
|2 eczenas
|
| 650 |
0 |
9 |
|a hockey players
|z Czechia
|y 20th-21st centuries
|2 eczenas
|
| 651 |
|
7 |
|a České Budějovice (Česko)
|7 ge131699
|2 czenas
|
| 651 |
|
9 |
|a České Budějovice (Czechia)
|2 eczenas
|
| 655 |
|
7 |
|a přehledy
|7 fd133202
|2 czenas
|
| 655 |
|
7 |
|a fotografické publikace
|7 fd132276
|2 czenas
|
| 655 |
|
9 |
|a surveys
|2 eczenas
|
| 655 |
|
9 |
|a photographical works
|2 eczenas
|
| 910 |
2 |
|
|a BOA001
|b 3-1422.807
|
| 920 |
|
|
|a 0804036
|z CBA001
|
| 990 |
|
|
|a BK
|
| 995 |
|
|
|a 01
|
| 991 |
|
|
|b 201903
|c NOV
|
| 996 |
6 |
|
|b 2610774776
|c 3-1422.807
|l MZK
|r Sklad / do 1 hodiny
|n 0
|p p.v.
|w 001713752
|u 000010
|a 1
|e BOA001
|j MZK50
|s P
|